00684nam a2200181 4500003000900000040002800009082001700037245008300054250003100137260007800168300002600246490006600272650004000338650005500378650004000433942001200473999001700485CO-ViMGA aCO-ViMGAbspacCO-ViMGA04aI863.08bD3110aDe animales y de niños / cilustradoras Olga Lucía García, Paula Bossio. aEditor Iván Hernández. a[Bogotá?] :bMinisterio de Cultura :bMinisterio de Educación,c2014. a32 p. :bil. ; 28 cm. aLeer es mi cuento. Plan Nacional de Lectura y Escritura ; v714aAnimalesv Cuentos infantiles.930714aCuentos infantiles colombianosv Colecciones9215614aNiñosv Cuentos infantiles.92157 2ddccBK c33722d33722